000 00304nam a2200133Ia 4500
005 20251222153533.0
008 251222s9999||||xx |||||||||||||| ||spa||
020 _a8461117484
082 _a616.04/S64
245 0 _aCáncer Hereditario
250 _a1ra. ed.
264 _bDispublic, S.L.
942 _cLIB
999 _c30163
_d30163